000 00769nam a2200217 a 4500
005 20240215063719.0
008 011024s2000 r 000 0 eng d
020 _a9688633739
035 _aUPN01000113464
049 _aCG
050 4 _aH61
_bO7.3 2000
100 1 _aOrnelas Delgado, Jaime
_940124
245 1 0 _aGuía para la elaboración y presentación de trabajos de investigación en ciencias sociales /
_cJaime Ornelas Delgado.
250 _a2a ed.
260 _aMéxico :
_bBenemerita Universidad Autónoma de Puebla :
_bUniversidad Autónoma de Tlaxcala,
_c2000.
300 _a131 p.
440 0 _aTextos UAP.
_pApoyo a la docencia
650 4 _aCiencias sociales
_xMetodología
_96208
650 4 _aCiencias sociales
_xInvestigación
_97497
905 _aLibro
999 _c87372
_d87372